000 00560nam a2200229 a 4500
001 nice12345678
003 IN_TiNIC
005 20260116012751.0
008 070709s1975 qada grp 000 0 eng
020 _a
_c100
082 0 0 _a297.86
_bRAJ
100 _aRajeke, Barkat Ahmed
245 _aAhmediyya Movement in India
260 _aQadian
_bSadr Anjuman Ahmadiyya
_c1975
300 _a79p
500 _aincludes index and biblioraphy
650 _aAhmadiyyah
700 1 _aRajeke, Barkat Ahmed
902 _bSRS
942 _cBK
999 _c8295
_d8295